000
00300nam a22001337a 4500
003
SGT
020
_a
97815-43344-54-7
100
_a
VSMAN, RAGEEB MD
245
_a
A TEXT BOOK OF PHYTO CHEMISTRY
250
_a
1st
260
_a
S. VIKAS
_b
PUNJAB
_c
2021
650
_a
PHYTO CHEMISTRY
942
_2
ddc
_c
BK
999
_c
24639
_d
24639